Centro-oeste. Programa regional de investigación y desarrollo en vitivinicultura : documento analizado por la CICO en la reunión de Mendoza del 18-19 d /
Guardado en:
| Autor Corporativo: | |
|---|---|
| Formato: | Libro |
| Idioma: | Spanish |
| Publicado: |
Buenos Aires,
1983.
|
| Etiquetas: |
Agregar Etiqueta
Sin Etiquetas, Sea el primero en etiquetar este registro!
|
| LEADER | 00598nam a22001455a 4500 | ||
|---|---|---|---|
| 001 | EUN.um011710 | ||
| 003 | AR-BaUNS | ||
| 005 | 20050623122855.0 | ||
| 008 | 041125s1983####ag############000#0#spa#d | ||
| 245 | 1 | 0 | |a Centro-oeste. Programa regional de investigación y desarrollo en vitivinicultura : |b documento analizado por la CICO en la reunión de Mendoza del 18-19 d / |c Subsecretaría de Ciencia y Tecnología. |
| 260 | |a Buenos Aires, |c 1983. | ||
| 300 | |a 11 p. | ||
| 082 | 0 | 4 | |a 333.072 |
| 110 | 2 | |a Subsecretaría de Ciencia y Tecnología |c Argentina. | |
| 859 | |a Ar-BaUNS |b BIB. CENTRAL - Sector C |h 333.072 |i Ar37-9 |p 90600/983 | ||
